Statistics for Country Superlatives Quiz #2

Click here to take the quiz!

General Stats

  • This quiz has been taken 24,793 times
    (15,917 since last reset)
  • The average score is 12 of 20

Answer Stats

Category Country % Correct
Biggest nuclear arsenalRussia
95%
Most exportsChina
93%
Most immigrantsUnited States
87%
Southernmost country (mainland)Chile
83%
Most feature films made per yearIndia
81%
Smallest populationVatican City
72%
Longest coastlineCanada
70%
Largest Catholic populationBrazil
69%
Largest Muslim populationIndonesia
65%
Most national capitalsSouth Africa
63%
Southernmost capital cityNew Zealand
60%
Most Winter Olympics medalsNorway
60%
Most densely populatedMonaco
54%
Most nuclear power (as a % of total)France
51%
Most lionsTanzania
47%
Earliest evidence of human settlementEthiopia
40%
Most per-capita oil productionKuwait
34%
Most crude oil reservesVenezuela
29%
Least precipitation on averageEgypt
22%
Highest public debt (% of GDP)Japan
16%

Score Distribution

Percentile by Number Answered

Percent of People with Each Score

Your Score History

You have not taken this quiz since the last reset